<?xml version="1.0" encoding="UTF-8"?>
<record
    xmlns:xsi="http://www.w3.org/2001/XMLSchema-instance"
    xsi:schemaLocation="http://www.loc.gov/MARC21/slim http://www.loc.gov/standards/marcxml/schema/MARC21slim.xsd"
    xmlns="http://www.loc.gov/MARC21/slim">

  <leader>02128nas a2200277Ia 4500</leader>
  <controlfield tag="001">R660-R8678</controlfield>
  <controlfield tag="003">IT-CnALBA</controlfield>
  <controlfield tag="008">170116c99999999xx ||||||||||||   ||und||</controlfield>
  <datafield tag="040" ind1=" " ind2=" ">
    <subfield code="a">IT-CnALBA</subfield>
    <subfield code="c">IT-CnALBA</subfield>
  </datafield>
  <datafield tag="041" ind1=" " ind2=" ">
    <subfield code="a">ITALIANO</subfield>
  </datafield>
  <datafield tag="100" ind1=" " ind2=" ">
    <subfield code="a">MAURA GIANCARLO</subfield>
  </datafield>
  <datafield tag="210" ind1=" " ind2=" ">
    <subfield code="a">RASSEGNA CHIMICA</subfield>
  </datafield>
  <datafield tag="222" ind1=" " ind2=" ">
    <subfield code="a">RASSEGNA CHIMICA</subfield>
  </datafield>
  <datafield tag="245" ind1=" " ind2="0">
    <subfield code="a">RASSEGNA CHIMICA. GENNAIO FEBBRAIO 1961. NOTIZIARIO UNCI. MERCEOLOGIA CHIMICA INDUSTRIALE E APPLICATA. </subfield>
  </datafield>
  <datafield tag="250" ind1=" " ind2=" ">
    <subfield code="a">1a ed.</subfield>
  </datafield>
  <datafield tag="260" ind1=" " ind2=" ">
    <subfield code="a"> ROMA</subfield>
    <subfield code="b">TECNINDUSTRIA ED. </subfield>
    <subfield code="c">1961 [1&#xB0; Ed.:1961 - Ed.Ling.Originale: 1961]</subfield>
  </datafield>
  <datafield tag="300" ind1=" " ind2=" ">
    <subfield code="a">62 p. </subfield>
  </datafield>
  <datafield tag="310" ind1=" " ind2=" ">
    <subfield code="a">BIMESTRALE</subfield>
  </datafield>
  <datafield tag="362" ind1=" " ind2=" ">
    <subfield code="a">Fascicolo: 1 / Anno: 13 (1961)</subfield>
  </datafield>
  <datafield tag="500" ind1=" " ind2=" ">
    <subfield code="a">PILLERI R. LIPPARINIM L. CERMA E. CALZOLARI C. FOSCHINI AR. FIVOLI E. SEGNALAZIONE E BREVETTI. CRONACA PARLAMENTARE. CONGRESSI MOSTRE. UNIONE NAZIONALE CHIMICI ITALIANI. NOTIZIARIO. INDICE ANNATA. DETERMINAZIONE IODURI E BROMURI PER SEPARAZIONE CON RESINE SCAMBIATRICI IN PRESENZA ECCESSO DI CLORURI. RICERCHE SU CUOIO CONCIMATO CON ACROLEINA. GASCKOMATOGRAFIA DI MISCELE DI ALDEIDE BENZOICA ED ALCOL BENZILICO. IDENTIFICAZIONE ESTERI ETILICI. DEGLI ACIDI GRASSI SUPERIORI NEGLI OLI. APPLICAZIONI METODI CROMATOGRAFICI NELL'ANALISI COSTITUENTI DEI PRODOTTI ALIMENTARI. LEGGE SULLA DISCIPLINA IGIENICA DELLE SOSTENZE ALIMENTARI. </subfield>
  </datafield>
  <datafield tag="501" ind1=" " ind2=" ">
    <subfield code="a">Societ&#xE0; San Paolo EM - Piazza San Paolo, 14 - 12051 ALBA (CN)  (non commercial uses only) &#xAE; Copyright 2017</subfield>
  </datafield>
  <datafield tag="520" ind1=" " ind2=" ">
    <subfield code="a">PILLERI R. LIPPARINIM L. CERMA E. CALZOLARI C. FOSCHINI AR. FIVOLI E. SEGNALAZIONE E BREVETTI. CRONACA PARLAMENTARE. CONGRESSI MOSTRE. UNIONE NAZIONALE CHIMICI ITALIANI. NOTIZIARIO. INDICE ANNATA. DETERMINAZIONE IODURI E BROMURI PER SEPARAZIONE CON RESINE SCAMBIATRICI IN PRESENZA ECCESSO DI CLORURI. RICERCHE SU CUOIO CONCIMATO CON ACROLEINA. GASCKOMATOGRAFIA DI MISCELE DI ALDEIDE BENZOICA ED ALCOL BENZILICO. IDENTIFICAZIONE ESTERI ETILICI. DEGLI ACIDI GRASSI SUPERIORI NEGLI OLI. APPLICAZIONI METODI CROMATOGRAFICI NELL'ANALISI COSTITUENTI DEI PRODOTTI ALIMENTARI. LEGGE SULLA DISCIPLINA IGIENICA DELLE SOSTENZE ALIMENTARI. </subfield>
  </datafield>
  <datafield tag="650" ind1=" " ind2=" ">
    <subfield code="a">CHIMICA APPLICATA</subfield>
  </datafield>
  <datafield tag="942" ind1=" " ind2=" ">
    <subfield code="c">CR</subfield>
  </datafield>
  <datafield tag="957" ind1=" " ind2=" ">
    <subfield code="7">1</subfield>
  </datafield>
  <datafield tag="999" ind1=" " ind2=" ">
    <subfield code="a">60245</subfield>
    <subfield code="b">NO</subfield>
    <subfield code="g">1</subfield>
    <subfield code="c">327271</subfield>
    <subfield code="d">327271</subfield>
  </datafield>
  <datafield tag="952" ind1=" " ind2=" ">
    <subfield code="0">0</subfield>
    <subfield code="1">0</subfield>
    <subfield code="4">0</subfield>
    <subfield code="6">R_660R8678</subfield>
    <subfield code="7">1</subfield>
    <subfield code="a">ALBA</subfield>
    <subfield code="b">ALBA</subfield>
    <subfield code="d">2017-01-16</subfield>
    <subfield code="l">0</subfield>
    <subfield code="o">R660-R8678</subfield>
    <subfield code="r">2017-01-16 00:00:00</subfield>
    <subfield code="w">2017-01-16</subfield>
    <subfield code="y">CR</subfield>
    <subfield code="z">(data import: 16 gennaio 2017) - By Epidotti, Vaglietti. </subfield>
  </datafield>
</record>
